海上保安庁 PLHの配属先 - Statistics

General Stats
  • This quiz has been taken 4 times
  • The average score is 9 of 20
Answer Stats
Hint Answer % Correct
つがる 第一管区
100%
さがみ 第三管区
100%
うるま 第十一管区
100%
おきなわ 第十一管区
100%
りゅうきゅう 第十一管区
100%
そうや 第一管区
100%
ざおう 第二管区
50%
れいめい 第十管区
50%
あかつき 第十管区
50%
しゅんこう 第十管区
50%
あさなぎ 第十管区
50%
せっつ 第十一管区
0%
えちご 第九管区
0%
だいせん 第八管区
0%
あさづき 第十一管区
0%
しきしま 第五管区
0%
みずほ 第四管区
0%
やしま 第七管区
0%
あきつしま 第三管区
0%
ゆみはり 第十管区
0%
No matching quizzes found
Score Distribution
Percent of People with Each Score
Percentile by Number Answered
Your Score History
You have not taken this quiz